| 000 | 00387nam a22001577a 4500 | ||
|---|---|---|---|
| 020 | _a978-81-248-0098-0 | ||
| 082 |
_a823 _bWHA/A |
||
| 100 | _aWHARTON, EDITH | ||
| 245 |
_aTHE AGE OF INNOCENCE _bSHORT STORY |
||
| 246 |
_aTHE AGE OF INNOCENCE _bSHORT STORY |
||
| 260 |
_aNEW DELHI _bPEACOCK BOOKS _c2013 |
||
| 300 | _a305 | ||
| 520 | _aSHORT STORY | ||
| 650 | _aSHORT STORY | ||
| 942 | _cBK | ||
| 999 |
_c2891 _d2891 |
||